50 songs everybody should know - Estadísticas

Estadísticas generales
  • Esta prueba ha sido intentada 245 veces
    244 desde el último reinicio
  • La puntuación promedio es 27 de 50
Estadísticas de respuestas
SONG SINGER/GROUP % Correcto
Waka Waka Shakira
97%
Thriller Michael Jackson
96%
Umbrella Jay Z - Rihanna
94%
Bohemian Rapsody Queen
94%
Diamonds Rihanna
94%
Shape of you Ed Sheeran
93%
Roar Katy Perry
88%
Uptown Funk Bruno Mars
87%
The Real Slim Shady Eminem
84%
Single Ladies Beyonce
83%
Watermelon sugar Harry Styles
83%
Baby Justin Bieber
83%
Blinding Lights The Weekend
83%
Blank Space Taylor Swift
79%
Bad Guy Billie Eilish
76%
Flowers Miley Cyrus
75%
Sugar Maroon 5
74%
Back to Black Amy Winehouse
73%
Believer Imagine Dragons
72%
Smells like teen spirit Nirvana
69%
Wonderwall Oasis
67%
Thunderstruck ACDC
65%
Summertime Sadness Lana del Rey
61%
Sweet Child O´mine Guns and roses
59%
Timber Pitbull - Kesha
58%
In da club 50 Cent
55%
One Dance Drake
51%
La isla bonita Madonna
51%
Something Just Like This Coldplay
46%
With or without you U2
45%
I can´t get no (satisfaction) The Rolling Stones
42%
Highest in the room Travis Scott
42%
Do I wanna know? Arctic Monkeys
41%
Dont let me down The Beatles
36%
I´m not the only one Sam Smith
33%
Thrift Shop Macklemore
32%
Mr. Brightside The Killers
32%
Somebody thah i used to know Gotye
28%
All eyez on me Tupac
28%
Is this Love Bob Marley
27%
Suspicious Minds Elvis Presley
26%
Gangsta´s Paradise Coolio
25%
Power Kanye West
23%
Smack That Akon
18%
Bitter sweet symphony The Verve
17%
Black and Yellow Wiz Khalifa
13%
Juicy The Notorius B.I.G.
11%
Self care Mac Miller
8%
Red Red Wine UB40
8%
La Noche Contigo Michael Foster
4%
No se encontraron pruebas coincidentes
Distribución de puntuación
Porcentaje de gente con cada puntuación
Porcentaje por número respondido
Historial de tus puntuaciones
No has intentado esta prueba desde el último reinicio